Η Σκέψη των Παιδιών (Record no. 298)
[ view plain ]
| 000 -LEADER | |
|---|---|
| fixed length control field | 02007cam a22002054a 4500 |
| 005 - ΗΜΕΡΟΜΗΝΙΑ ΚΑΙ ΩΡΑ ΤΕΛΕΥΤΑΙΑΣ ΕΝΗΜΕΡΩΣΗΣ | |
| Πεδίο ελέγχου | 20250605163931.0 |
| 008 - FIXED-LENGTH DATA ELEMENTS--GENERAL INFORMATION | |
| Πεδίο ελέγχου σταθερού μήκους | 250528s ||||||||||||||||||||||||d |
| 035 ## - SYSTEM CONTROL NUMBER | |
| System control number | 14676 |
| 020 ## - ISBN | |
| ISBN | 9600102651 |
| 040 ## - ΠΗΓΗ ΚΑΤΑΛΟΓΟΓΡΑΦΗΣΗΣ | |
| Φορέας πρωτότυπης καταλογογράφησης | MC Athens Campus Library |
| Γλώσσα καταλογογράφησης | Ελληνικά, Μοντέρνα (1453-) |
| Modifying agency | MC Athens Campus Library |
| Κανόνες περιγραφικής καταλογογράφησης | AACR2 |
| 245 1# - ΤΙΤΛΟΣ ΚΑΙ ΔΗΛΩΣΗ ΥΠΕΥΘΥΝΟΤΗΤΑΣ | |
| Τίτλος | Η Σκέψη των Παιδιών |
| 260 ## - PUBLICATION, DISTRIBUTION, ETC. | |
| Name of publisher, distributor, etc. | Gutenberg, |
| Date of publication, distribution, etc. | 1995 |
| 300 ## - PHYSICAL DESCRIPTION | |
| Extent | 212 |
| 520 ## - SUMMARY, ETC. | |
| Summary, etc. | Η Donaldson προτείνει ότι ο τρόπος διδασκαλίας της ανάγνωσης μπορεί να ενθαρρύνει την συνείδηση της γλώσσας και να βοηθήσει στην εξέλιξη των ειδών σκέψης που είναι απαραίτητες για τη λογική, τα μαθηματικά και τις επιστήμες. Εισαγωγικό Σημείωμα, Πρόλογος της Συγγραφέως, Εισαγωγή, Η Σχολική Εμπειρία, Η Ικανότητα για ''Αποκέντρωση'', Η Εκμάθηση της Γλώσσας, Αποτυχία στο Συλλογισμό ή Αποτυχία στην Κατανόηση;, Αυτό που ''Είναι'' και Αυτό που ''Έπρεπε να Είναι'', Τί Λέγεται και τι Εννοείται, Αφαιρετική Σκέψη και Κοινωνικές Αξίες, Γιατί τα Παιδιά Βρίσκουν τη Σχολική Μάθηση Δύσκολη, Τί Μπορεί να Κάνει το Σχολείο, Η Επιθυμία για Μάθηση, Η Διαμόρφωση της Σκέψης των Παιδιών που θα'ρθουν, Η Θεωρία του Piaget για την Νοητική Ανάπτυξη, Βιβλιογραφία, Ευρετήριο Ξένων Ονομάτων, Ευρετήριο Ύλης, Αγγλοελληνικό και Ελληνοαγγλικό Γλωσσάριο ΌΏρων. |
| 700 1# - ΠΡΟΣΘΕΤΗ ΑΝΑΓΡΑΦΗ--ΦΥΣΙΚΟ ΠΡΟΣΩΠΟ | |
| Personal name | Donaldson Margaret |
| 9 (RLIN) | 419 |
| 700 1# - ΠΡΟΣΘΕΤΗ ΑΝΑΓΡΑΦΗ--ΦΥΣΙΚΟ ΠΡΟΣΩΠΟ | |
| Personal name | Βοσνιάδου Στέλλα |
| 942 ## - ADDED ENTRY ELEMENTS (KOHA) | |
| Koha item type | Books |
| Τύπος τεκμηρίου | Βιβλιοθήκη | Τρέχουσα τοποθεσία | Barcode | Αριθμός εισαγωγής | Ημερομηνία απόκτησης | Ταξιθετικό σύμβολο | Αριθμός αντιτύπου | Κατάσταση απόσυρσης | Κατάσταση χαμένου | Κατάσταση κατεστραμμένου | Μη δανεισμός | Σύνολο δανεισμών | Ημερομηνία τελευταίας εμφάνισης | Η τιμή ισχύει από |
|---|---|---|---|---|---|---|---|---|---|---|---|---|---|---|
| Books | MC Athens Campus Library | MC Athens Campus Library | 9780000002976 | 3544 | 05/06/2025 | 155.413 DON | 1 | 05/06/2025 | 05/06/2025 |